000 00756nam a2200253Ia 4500
003 OSt
005 20220926033912.0
006 a|||||r|||| 00| 0
007 ta
008 220923b |||||||| |||| 00| 0 eng d
020 _a0860782573
037 _cGeneral Book
040 _aRTL
_cRTL
_beng
041 _2eng
_aeng
082 _aY:1.1(Q7).N8, N0
100 _aRosenthal Franz
_927746
245 0 _aMuslim intellectual and social history
_bA collection
260 _aVariorum
_bHampshire
_c1990
300 _ax, various pagination
_ccm.
490 _aVariorum Collected Studies Series, 309
650 _aCulture and Civilisation
942 _hY:1.1(Q7).N8, N0
_cGB
_2CC
999 _c658234
_d658234